| 000 | 00509nam a2200193 i 4500 | ||
|---|---|---|---|
| 001 | sa 68008540 | ||
| 003 | DLC | ||
| 005 | 20260227112532.0 | ||
| 008 | 811013s1968 ii 00011 ben | ||
| 010 | _asa 68008540 //r81 | ||
| 025 | _aPL480:I-B-3509 | ||
| 050 | 0 |
_aPK1718.G72 _bA87 |
|
| 100 | 1 | 0 | _aGuha, Arabinda. |
| 245 | 1 | 0 |
_aĀpanajana / _cIndramitra [i.e. A. Guha]. |
| 260 | 0 |
_aKalikātā : _bBāk-Sāhitya, _c[1968] |
|
| 300 |
_a136 p. ; _c23 cm. |
||
| 500 | _aIn Bengali. | ||
| 500 | _aShort stories. | ||
| 999 |
_c82422 _d82422 |
||